01080nam a2200181Ia 4500008004100000020002200041050002500063100001400088245003000102250001200132260003900144300004000183500021200223505026800435650007600703952010200779999001700881120626s9999 xx 000 0 und d a978-607-406-207-6 aREF KGF7610 A33 2011 aMéxico. aAgenda civil federal 2011 a14a ed. aMéxico : Ediciones fiscales ISEF a1 v. (varias paginaciones) ; 18 cm. a"Esta edición contiene las disposiciones publicadas hasta la fecha de impresión de este producto"-- Portada. "Compendio de leyes, reglamentos y otras disposiones conexas sobre la materia"-- Cubierta.  aCódigo civil federal -- Código federal de procedimientos civiles -- Ley orgánica del Poder Judicial de la Federación -- Ley federal de procedimiento administrativo -- Ley federal del derecho de autor -- Reglamento de la Ley federal del derecho de autor -- a1. Derecho civil - México. 2. Procedimiento civil - México. Ì 00104070a06b06d2011-11-30l0oREF KGF7610 A33 2011p06 001728r2012-06-26t1w2012-06-26yLB c65871d65871